000 00520nam a2200193Ia 4500
005 20250423094331.0
008 250422s9999 xx 000 0 und d
020 _a9781285444918
050 _aBF 724.5 .C38/
100 _aCavanaugh, John C.
245 0 _aAdult development and aging
250 _a7th ed.
260 _aStamford
260 _bCengage Learning
260 _c2015
300 _a426 p
650 _aAdulthood--Psychological aspects. Aging--Psychological aspects. Life cycle, Human.
942 _cBK
999 _c26937
_d26937